|
|
|
|
| LEADER |
01255nam a2200265 a 4500 |
| 001 |
3995012 |
| 008 |
100116s1996 ii a b 001 0 eng d |
| 010 |
|
|
|a 95910440
|
| 020 |
|
|
|a 9840513427
|
| 020 |
|
|
|a 8173040591
|
| 040 |
|
|
|a DLC
|c DLC
|d BD-DhAAL
|
| 082 |
0 |
0 |
|a 305.42/0954/14
|2 20
|
| 100 |
1 |
|
|a Southard, Barbara.
|
| 245 |
1 |
4 |
|a The women's movement and colonial politics in Bengal :
|b the quest for political rights, education, and social reform legislation, 1921-1936 /
|c Barbara Southard.
|
| 260 |
|
|
|a New Delhi ;
|a Dhaka :
|b University press,
|c 1996.
|
| 300 |
|
|
|a x, 317 p. :
|b ill. ;
|c 23 cm.
|
| 504 |
|
|
|a Includes bibliographical references (p. [293]-304) and index.
|
| 541 |
1 |
|
|e 00005620
|
| 650 |
|
0 |
|a Feminism
|z India.
|
| 650 |
|
0 |
|a Women's rights
|z India.
|
| 651 |
|
0 |
|a India
|x Politics and government
|y 20th century.
|
| 852 |
4 |
|
|a Ayesha Abed Library
|j General Shelf.
|
| 999 |
|
|
|c 7031
|d 7031
|
| 952 |
|
|
|0 0
|1 0
|2 ddc
|4 0
|6 305_420000000000000_0954_14_SOU_1996
|7 0
|9 7286
|a BRACUL
|b BRACUL
|c GEN
|d 2010-01-17
|g 450.00
|l 5
|m 18
|o 305.42095414 SOU
|p 3010005620
|r 2026-01-18
|s 2025-12-28
|t 1
|w 2010-01-17
|y BK
|
| 952 |
|
|
|0 0
|1 0
|2 ddc
|4 0
|6 305_420000000000000_0954_14_SOU
|7 0
|9 24216
|a SCL
|b SCL
|c GEN
|d 1998-11-12
|g 450.00
|l 0
|o 305.42095414 SOU
|p 3020000544
|r 2014-04-26
|t 2
|w 2014-04-26
|y BK
|